Largest S Countries - One Minute Sprint - Statistics

General Stats
  • This quiz has been taken 32 times
  • The average score is 6 of 10
Answer Stats
area country % Correct
3.73 Sudan
93%
1.23 South Sudan
79%
0.89 Sweden
76%
1.26 Somalia
72%
1.00 Spain
72%
2.41 South Africa
69%
4.25 Saudi Arabia
52%
0.37 Syria
45%
0.39 Senegal
38%
0.32 Suriname
28%
No matching quizzes found
Score Distribution
Percent of People with Each Score
Percentile by Number Answered
Your Score History
You have not taken this quiz